00557nam a2200169 a 4500008004100000020001800041020001500059050001800074100002300092245011000115260004000225300003400265350001100299650004400310650001700354700001600371190823s2003 ||||||||||||||||| || u a9780470849798 a0470849797 aTJ 163.12 Pel aWaddington, Rachel10aMechatronic systems : modelling and simulation with HDLscBy Georg Pelz ; Translated by Rachel Waddington aChichesterbJohn Wiley & Sonsc2003 aix, 223 pages : illustrations a151.72 aCOMPUTER HARDWARE--DESCRIPTION LANGUAGE aMECHATRONICS aPelz, Georg